International Football Teams Logos - Statistics

General Stats
  • This quiz has been taken 163 times
  • The average score is 18 of 20
Answer Stats
Picture Answer % Correct
Germany
99%
Brazil
97%
France
97%
Portugal
97%
Spain
97%
England
96%
Italy
95%
Netherlands
95%
Canada
93%
Croatia
93%
Japan
91%
Argentina
90%
Turkey
89%
Australia
88%
Denmark
88%
Colombia
86%
Morocco
84%
Scotland
78%
Uruguay
76%
South Korea
66%
No matching quizzes found
Score Distribution
Percent of People with Each Score
Percentile by Number Answered
Your Score History
You have not taken this quiz